00650nam a2200169Ia 4500008004100000040003800041041000800079084001100087100002600098245010900124260002900233300002700262336002900289337003300318338002800351502010100379250926t2013||||xx |||||||||||||| ||spa|| agtgcuscobspacgtgcuscodgtgcusco aspa aEPS333 aWei Tsai, Shih- Chieh 0aInforme final programa ejercicio profesional supervisado realizado en el club de leones, Quetzaltenango. aGuatemala :bUSAC,c2013 a99 p. :bil. :c27 cm. atextobtxt2rdacontenido aSin mediaciónbn2rdamedio avolumenbnc2rdasoporte aEPS (Cirujano Dentista) -- Universidad de San Carlos de Guatemala, Facultad de Odontología. --